Biblia és kultúra
Elmentve itt :
| Szerző: | |
|---|---|
| Dokumentumtípus: | Könyv része |
| Megjelent: |
1996
|
| Sorozat: | Szegedi bölcsészfüzetek
8 Szellemi tekintélyek és az ész diktátumai : az ontikus kultúrtörténet és fogadtatása 8 |
| Kulcsszavak: | Biblia, Vallásfilozófia, Kultúrtörténet |
| Tárgyszavak: | |
| Online Access: | http://acta.bibl.u-szeged.hu/45531 |
| LEADER | 00849naa a2200229 i 4500 | ||
|---|---|---|---|
| 001 | acta45531 | ||
| 005 | 20220124135655.0 | ||
| 008 | 170427s1996 hu o 0|| hun d | ||
| 020 | |a 963 482 034 4 | ||
| 022 | |a 1215-2870 | ||
| 040 | |a SZTE Egyetemi Kiadványok Repozitórium |b hun | ||
| 041 | |a hun | ||
| 100 | 1 | |a Fejér Ádám | |
| 245 | 1 | 0 | |a Biblia és kultúra |h [elektronikus dokumentum] / |c Fejér Ádám |
| 260 | |c 1996 | ||
| 300 | |a 27-32 | ||
| 490 | 0 | |a Szegedi bölcsészfüzetek |v 8 | |
| 490 | 0 | |a Szellemi tekintélyek és az ész diktátumai : az ontikus kultúrtörténet és fogadtatása |v 8 | |
| 650 | 4 | |a Bölcsészettudományok | |
| 650 | 4 | |a Filozófia, etika és vallástudományok | |
| 695 | |a Biblia, Vallásfilozófia, Kultúrtörténet | ||
| 856 | 4 | 0 | |u http://acta.bibl.u-szeged.hu/45531/1/bolcseszfuzetek_1996_02_027-032.pdf |z Dokumentum-elérés |